• 首页
  • 本馆介绍
  • 公告通知
  • 最新文献
  • 馆藏检索
  • 电子资源
  • 读者导购
  • 参考咨询
  • 我的图书馆
  • 登录
  • 详细信息显示
  • 放入我的书架
  • 预约/预借图书
  • 作者相关作品
  • 分类相关作品
  • 丛书相关作品
  • 出版社相关作品

书目信息

  • 表格格式
  • 工作单格式
  • 卡片格式
题名:
中共党史拐点中的人物与事件
    
 
作者: 李海文 著
分册:  
出版信息: 北京   中国青年出版社  2013.10
页数: 452页
开本: 20cm
丛书名:
单 册:
中图分类: K820.7-53
科图分类:
主题词: 人物--传记--中国
电子资源:
ISBN: 7-5153-1935-6
000 00647nam0 2200205 450
001 2658616613
005 20260414161739.30
010    @a7-5153-1935-6@dCNY58.00
100    @a20260414d2013 km y0chiy0120 ea
101 0  @achi
102    @aCN@b110000
102    @aCN@b110000
200 1  @a中共党史拐点中的人物与事件@AZhong Gong Dang Shi Guai Dian Zhong De Ren Wu Yu Shi Jian@f李海文著@FLi Hai Wen Zhu
210    @a北京@c中国青年出版社@d2013.10
215    @a452页@d20cm
606 0  @a人物@x传记@x中国
690    @aK820.7-53@v4
701  0 @a李海文@ALi Hai Wen@4著
801  0 @aCN@b大连网信软件有限公司图书馆·11@c20260414
905    @aZUCC@dK820.7-53@e261
    
    中共党史拐点中的人物与事件/李海文著.-北京:中国青年出版社,2013.10
    452页;20cm
    
    
    ISBN 7-5153-1935-6:CNY58.00
    
●
相关链接 在E读中查询图书 在五车中查询图书 在当当中查询图书 在豆瓣中查询图书


正题名:中共党史拐点中的人物与事件     索取号:K820.7-53/261         预约/预借

序号 登录号 条形码 馆藏地/架位号 状态 备注
1 1442306   214423060   第二样本阅览室/ [索取号:K820.7-53/261] 在馆    
唐山师范学院图书馆 欢迎您!
大连网信软件有限公司© 版权所有